Η απόφαση για την επέκταση της ελληνικής κυριαρχίας στη Μικρά Ασία : κριτική επαναψηλάφηση
Saved in:
| Main Author: | |
|---|---|
| Corporate Author: | |
| Format: | Book |
| Language: | Greek |
| Published: |
Χανιά :
Ίκαρος, Εθνικό Ίδρυμα Ερευνών και Μελετών "Ελευθέριος Κ. Βενιζέλος",
2009
|
| Edition: | 2η έκδ. |
| Subjects: | |
| Tags: |
Add Tag
No Tags, Be the first to tag this record!
|
MARC
| LEADER | 00000cam a2200000 i 4500 | ||
|---|---|---|---|
| 001 | 1/6067 | ||
| 008 | 100324s2009 gr | ||| |||| ||gre|| | ||
| 020 | |a 9789608399778 | ||
| 035 | |l 10107383 | ||
| 040 | |a GR-MY-UA |b gre |e aacr | ||
| 041 | 0 | |a gre | |
| 082 | 0 | |a 938.72 |2 (22) | |
| 100 | 1 | |a Σβολόπουλος, Κωνσταντίνος Δ. | |
| 245 | 1 | 2 | |a Η απόφαση για την επέκταση της ελληνικής κυριαρχίας στη Μικρά Ασία : |b κριτική επαναψηλάφηση / |c Κωνσταντίνου Δ. Σβολόπουλου |
| 250 | |a 2η έκδ. | ||
| 260 | |a Χανιά : |b Ίκαρος, |b Εθνικό Ίδρυμα Ερευνών και Μελετών "Ελευθέριος Κ. Βενιζέλος", |c 2009 | ||
| 300 | |a 100 σ.; |c 17 εκ. | ||
| 500 | |a Η παρούσα έκδοση πραγματοποιήθηκε με την υποστήριξη του Εθνικού Ιδρύματος Ερευνών και Μελετών "Ελευθέριος Κ. Βενιζέλος" | ||
| 504 | |a Περιέχει βιβλιογραφικές παραπομπές και ευρετήριο | ||
| 600 | 1 | 0 | |a Βενιζέλος, Ελευθέριος Κ., |d 1864-1936. |
| 650 | 0 | 0 | |a Greco-Turkish War, 1921-1922. |
| 710 | 2 | |a Εθνικό Ιδρυμα Ερευνών και Μελετών "Ελευθέριος Κ. Βενιζέλος". | |
| 852 | |a INST |b LESVOS |e 20100324 |h 938.72 ΣΒΟ |p 005100046976 |q 005100046976 |t BK |y 0 | ||
| 901 | |a BIBL1-2010-1 | ||
| 909 | |a Λ |b 163052 | ||
| 970 | |a ΚΑΡΑ |b ΓΙΑΣΕΜΗ |z 2010/03/24 | ||